MDQL
is popping MORE tags! Check the
thread
!
Quizzes
Events
Quiz Creation
Community
Videos
Private Events
Remove Ads
Sign In
Join for FREE
Feedback
Dark Mode
Quiz Categories
Sports
Geography
Music
Movies
Television
Just For Fun
Miscellaneous
History
Literature
Language
Science
Gaming
Entertainment
Religion
Holiday
For Kids
Quiz Lab
Recent
Popular Today
Quiz Kudos Today
Editor Picks
Curator Picks
Quizzes by...
Day
Popularity
Type
Ratings
Length
Year
Community
Subscriptions
Recent Discussions
Orange Saloon
Badges
Playlists
Quests
Create
Leaderboards
Showdown
Live 5
Trivia Bingo
Activity
Puzzle Library
Sporcle Events
Private Events
Virtual Trivia
Globe League
Become a Host
Pub Owners
SporcleCon
Opinionation
Our Games
Videos
Blog
Mobile Apps
Partnerships
Remove Ads and Go Orange
Feedback
Sports
Athletes
MLB
NBA
NHL
NFL
Soccer
Sports Teams
WWE
NCAA
Football
Premier League
Basketball
Baseball
Hockey
Golf
Tennis
Cricket
Rugby
Auto Racing
Olympics
World Cup
Sports
Athletes
MLB
NBA
NHL
NFL
Soccer
Sports Teams
WWE
NCAA
Football
Premier League
Basketball
Baseball
Hockey
Golf
Tennis
Cricket
Rugby
Auto Racing
Olympics
World Cup
Random Quiz
Search Sporcle
×
Quiz Lab
Quiz Lab
Sports
Football
Type in answers that appear in a list
Type in answers that appear in a list
Classic
Best Score? Go Orange.
2007 Patriots Stats
Can you name the 2007 Patriots?
By
poiu
11m
63 Questions
308 Plays
308 Plays
308 Plays
Comments
Comments
Give Quiz Kudos
Give Quiz Kudos
-
- Ratings
hide this ad
Replay
Link that replays current quiz
Next Quiz
Link to next quiz in quiz playlist
You Got
0%
They Got
Avg Score
45%
Avg Friend Score
Upgrade to see
Score Distribution
Jump to the score distribution portion of the page
Score
0/63
Timer
11:00
0
Plays Today
Jersey #
Player
% Correct
12
Tom Brady
98%
88
Kyle Brady
97.1%
81
Randy Moss
90.9%
83
Wes Welker
89.3%
16
Matt Cassel
83.7%
3
Stephen Gostkowski
83.4%
54
Tedy Bruschi
83.1%
39
Laurence Maroney
80.5%
22
Asante Samuel
77.5%
33
Kevin Faulk
77.5%
72
Matt Light
76.9%
50
Mike Vrabel
75.6%
75
Vince Wilfork
74.9%
84
Ben Watson
73.9%
37
Rodney Harrison
73%
93
Richard Seymour
69.1%
18
Donte Stallworth
67.8%
10
Jabar Gaffney
65.1%
70
Logan Mankins
62.5%
34
Sammy Morris
62.2%
96
Adalius Thomas
62.2%
86
David Thomas
61.9%
92
Santonio Thomas
61.2%
55
Junior Seau
55%
94
Ty Warren
55%
27
Ellis Hobbs
51.5%
97
Jarvis Green
51.5%
44
Heath Evans
47.9%
80
Troy Brown
47.2%
61
Steven Neal
46.6%
98
Chad Brown
46.3%
31
Brandon Meriweather
43%
Jersey #
Player
% Correct
6
Chris Hanson
42.7%
36
James Sanders
42.3%
59
Rosevelt Colvin
40.7%
77
Nick Kaczur
39.4%
21
Randall Gay
37.1%
26
Eugene Wilson
37.1%
17
Chad Jackson
36.2%
90
LeKevin Smith
36.2%
29
Eddie Jackson
35.5%
99
Mike Wright
31.6%
53
Larry Izzo
31.3%
7
Matt Gutierrez
29%
15
Kelley Washington
28.7%
66
Lonie Paxton
25.7%
38
Kyle Eckel
23.5%
58
Pierre Woods
21.2%
71
Russ Hochstein
17.9%
52
Eric Alexander
17.3%
67
Dan Koppen
16.3%
41
Raymond Ventrone
12.4%
32
Rashad Baker
9.8%
74
Billy Yates
8.8%
23
Willie Andrews
8.5%
82
Stephen Spach
7.2%
65
Wesley Britt
4.2%
95
Rashad Moore
3.3%
24
Mel Mitchell
2.3%
68
Ryan O'Callaghan
2.3%
82
Marcellus Rivers
2%
28
Antwain Spann
1.6%
46
Corey Mays
1.6%
Quiz Playlist
Details
Report
Send in Message
Add To Playlist
Classic:
Type in answers that appear in a list
Quiz Source
Last Updated: Feb 16, 2017
Quiz Scoreboard
CHALLENGE
Sign Up to Join the Scoreboard
Show All
Scores
Hide
Comments
May contain spoilers
Recently Published
1-10 Letter E Words III
by El_Dandy
Language
2m
Street Fighter Characters
by Artimus82
Gaming
60s
College Basketball Coaching Resumes
by pancakes188
Sports
9m
More to Explore
Quiz From the Vault
Featured Blog Post
Where Did the Easter Bunny Come From?
hide this ad
You Might Also Like...
Tags
Football Quiz
2007
Jersey
patriot
Player
Today's Top Quizzes in Sports
Browse Sports
hide this ad
Today's Top Quizzes in Football
Browse Football
Top Contributed Quizzes in Sports
1
2022 World Cup Stars
2
Les meilleurs buteurs des matchs entre le PSG et l’OM
3
FIFA Club World Cup Champions
4
Les entraîneurs de l'OM et du PSG au 21e siècle
5
Criteria MLB: Left Handed Sluggers
6
2023 MLB Unique Player Accomplishments
7
AFC Teams Reveal (Wrong Answers Minefield)
8
Players with Multiple 50 Home Run Seasons
9
5-to-1: FBS Animal Nicknames
10
5-to-1: UK Sports Teams
Explore More
Trending Topics
Harry Potter
Kpop
NBA
Crossword
Disney
Marvel
Anime
WWE
Country
Soccer
Puzzle
The Office
Song
NFL
Pokémon
hide this ad
More By:
poiu
Quiz
Plays
Rating
Category
Featured
Created
Spacebar Challenge (Clickable)
3,561
3.11
Just For Fun
Jul 3, 2012
Click the Odds
1,011
Just For Fun
Jul 3, 2012
Cross the Monty Python Bridge
441
3.75
Movies
Sep 24, 2011
World's Biggest Cities
432
2.80
Geography
Oct 20, 2010
Islands with 2 Countries
399
2.50
Geography
Jul 2, 2012
Go to Creator's Profile
Score Distribution
Quiz Creator Spotlight
poiu
Follow
Send a Message
Quizzes Created
-
Created Quiz Play Count
-
More By This Creator
Popular Quizzes Today
1
Find the US States - No Outlines Minefield
2
Find the Countries of Europe - No Outlines Minefield
3
The Countries of the World
4
Find the US States
5
Risky Map Clicking: Biggest States A-Z
6
US States
7
Popular People in 1961
8
Movies - When Are They Set?
More Sports Quizzes
2014 Royal Rumble Participants
Published
Trending Quizzes
Risky Map Clicking: Least Populous States A-Z
1-10 Letter G Words
1-10 Letter F Words
Countries of the World: 200 Million BC
Risky Map Clicking: Next State Alphabetically
Recently Updated
Beyoncé Albums
pecheneg
Leaping Animals
pecheneg
Reality TV Shows (A-Z)
bhenderson79
Rickey Henderson's Hall of Fame Teammates
pecheneg
Champions League XIs: Arsenal
pecheneg
Quick Pick: Celebrities in WWE's Hall of Fame
aduchscher
A-Z Keypad Blitz II
pecheneg
Multiple Oscar Actors
pecheneg
Mystery Phrase Blitz: Oscar 'Best Actors'
pecheneg
F. Scott Fitzgerald Novels
LTH
Trending Topics
Marvel
Harry Potter
Crossword
Disney
NBA
Kpop
Anime
Song
WWE
Country
Soccer
The Office
NFL
Pokémon
Puzzle
Your Account Isn't Verified!
In order to create a playlist on Sporcle, you need to verify the email address you used during registration. Go to your
Sporcle Settings
to finish the process.
Report this User
Report this user for behavior that violates our
Community Guidelines
.
Details:
Send Report
Go to the Sporcle.com Mobile Site →
Comments